000 00371nam a2200133Ia 4500
005 20251222143210.0
008 251222s9999||||xx |||||||||||||| ||spa||
082 _a370.152.4/M61/Ej.2
100 _aLeón Monteblanco, Liri Consuelo
245 0 _aGuía para el Desarrollo del Pensamiento Crítico
250 _a2a.ed.
264 _bMinisterio de Educación
942 _cLIB
999 _c13418
_d13418